[Event "BL2-Ost 1011"]
[Site "Germany"]
[Date "2010.11.14"]
[Round "3.8"]
[White "Goldberg, Alexander"]
[Black "Kulke, Tobias"]
[Result "0-1"]
[WhiteElo "2373"]
[BlackElo "2122"]
[PlyCount "80"]
[EventDate "2010.10.10"]
[EventType "team-tourn"]
[EventRounds "9"]
[EventCountry "GER"]
[SourceTitle "EXT 2012"]
[Source "ChessBase"]
[SourceDate "2011.11.24"]
[SourceVersion "1"]
[SourceVersionDate "2011.11.24"]
[SourceQuality "1"]
[WhiteTeam "Dresden TU"]
[BlackTeam "Chemnitz USG"]
[WhiteTeamCountry "GER"]
[BlackTeamCountry "GER"]

1. e4 c5 2. Nf3 e6 3. d4 cxd4 4. Nxd4 a6 5. Bd3 Qc7 6. c4 Nf6 7. Nc3 b6 8. Qe2 d6 9. 0-0 Bb7 10. b3 b5 11. Bb2 bxc4 12. Bxc4 Nbd7 13. Rac1 Ne5 14. Bxe6 fxe6 15. Nd5 Qd7 16. Rc7 exd5 17. Rxd7 Kxd7 18. f4 Nc6 19. e5 dxe5 20. Nxc6 Bxc6 21. fxe5 Bc5+ 22. Kh1 Rhe8 23. h3 Re7 24. Rc1 Ne4 25. Kh2 a5 26. Qg4+ Kd8 27. Rxc5 Nxc5 28. Ba3 Ne6 29. Bxe7+ Kxe7 30. Qh4+ Ke8 31. Qxh7 Rd8 32. Qh5+ Ke7 33. Qh4+ Ke8 34. Qh5+ Kf8 35. Qh8+ Kf7 36. Qh5+ Kg8 37. Qg6 Re8 38. Kg3 d4 39. Kf2 Re7 40. Ke1 Be8 0-1

[Event "BL2-Ost 0607"]
[Site "Germany"]
[Date "2007.02.25"]
[Round "6.7"]
[White "Goldberg, Alexander"]
[Black "Cifka, Stanislav"]
[Result "1/2-1/2"]
[WhiteElo "2380"]
[BlackElo "2340"]
[PlyCount "87"]
[EventDate "2006.10.15"]
[EventType "team-tourn"]
[EventRounds "9"]
[EventCountry "GER"]
[SourceTitle "EXT 2008"]
[Source "ChessBase"]
[SourceDate "2007.11.25"]
[SourceVersion "1"]
[SourceVersionDate "2007.11.25"]
[SourceQuality "1"]
[WhiteTeam "Dresden"]
[BlackTeam "Forchheim"]
[WhiteTeamCountry "GER"]
[BlackTeamCountry "GER"]

1. e4 c5 2. Nf3 e6 3. d4 cxd4 4. Nxd4 Nf6 5. Nc3 d6 6. Be2 Be7 7. 0-0 0-0 8. Be3 Nc6 9. f4 e5 10. Nxc6 bxc6 11. fxe5 dxe5 12. Qe1 Be6 13. Qg3 Qc7 14. Kh1 Kh8 15. Bg5 Rad8 16. Qh4 Ng8 17. Bg4 Bxg5 18. Qxg5 f6 19. Qh4 Bxg4 20. Qxg4 Rd2 21. Rad1 Rfd8 22. Rxd2 Rxd2 23. Rd1 Qd8 24. Rxd2 Qxd2 25. Qd1 Qe3 26. g3 g6 27. Kg2 h5 28. Qd3 Qxd3 29. cxd3 Kg7 30. Kf2 Nh6 31. h3 Nf7 32. Ke3 Ng5 33. h4 Ne6 34. Ne2 Kf7 35. d4 Ke7 36. dxe5 fxe5 37. b4 Kd6 38. Kd3 Nf8 39. Ng1 Nd7 40. Nf3 Nf6 41. Nd2 Ng4 42. Nc4+ Kd7 43. a4 Kc7 44. Ke2 1/2-1/2

[Event "BL2-Ost 0607"]
[Site "Germany"]
[Date "2006.11.19"]
[Round "3.6"]
[White "Schultz, Andreas"]
[Black "Goldberg, Alexander"]
[Result "1-0"]
[WhiteElo "2260"]
[BlackElo "2380"]
[PlyCount "57"]
[EventDate "2006.10.15"]
[EventType "team-tourn"]
[EventRounds "9"]
[EventCountry "GER"]
[SourceTitle "EXT 2008"]
[Source "ChessBase"]
[SourceDate "2007.11.25"]
[SourceVersion "1"]
[SourceVersionDate "2007.11.25"]
[SourceQuality "1"]
[WhiteTeam "Leipzig Lok"]
[BlackTeam "Dresden"]
[WhiteTeamCountry "GER"]
[BlackTeamCountry "GER"]

1. d4 Nf6 2. c4 e6 3. Nc3 Bb4 4. e3 0-0 5. Nge2 d5 6. a3 Be7 7. cxd5 exd5 8. g3 Bf5 9. Bg2 c6 10. 0-0 Nbd7 11. f3 Nb6 12. g4 Bg6 13. Nf4 Bd6 14. Nxg6 hxg6 15. e4 dxe4 16. fxe4 Bc7 17. e5 Nfd5 18. Ne4 f6 19. exf6 gxf6 20. Bh6 Rf7 21. Qb3 Qd7 22. Rxf6 Qxg4 23. Rxf7 Kxf7 24. Rf1+ Ke8 25. h3 Qe2 26. Nc3 Qe6 27. Ne4 Nf4 28. Qb4 Nbd5 29. Qf8+ 1-0

[Event "Oberliga Ost-A 0405"]
[Site "Germany"]
[Date "2004.12.12"]
[Round "5.3"]
[White "Birke, Andreas"]
[Black "Goldberg, Alexander"]
[Result "1/2-1/2"]
[WhiteElo "2232"]
[BlackElo "2397"]
[PlyCount "27"]
[EventDate "2004.10.10"]
[EventType "team-tourn"]
[EventRounds "11"]
[EventCountry "GER"]
[SourceTitle "EXT 2006"]
[Source "ChessBase"]
[SourceDate "2005.11.24"]
[SourceVersion "1"]
[SourceVersionDate "2005.11.24"]
[SourceQuality "1"]
[WhiteTeam "Liebschwitz"]
[BlackTeam "Dresden SC 1898"]
[WhiteTeamCountry "GER"]
[BlackTeamCountry "GER"]

1. e4 e5 2. Nf3 Nc6 3. Bc4 Nf6 4. d3 Be7 5. Nc3 0-0 6. h3 d6 7. a3 Be6 8. Qe2 d5 9. exd5 Nxd5 10. Bd2 Nxc3 11. Bxc3 Bxc4 12. dxc4 Nd4 13. Qd3 Bf6 14. Bxd4 1/2-1/2

[Event "BL2-Ost 0203"]
[Site "Germany"]
[Date "2003.02.09"]
[Round "6.4"]
[White "Goldberg, Alexander"]
[Black "Zesch, Ludwig"]
[Result "1-0"]
[WhiteElo "2388"]
[BlackElo "2253"]
[PlyCount "71"]
[EventDate "2002.10.20"]
[EventType "team-tourn"]
[EventRounds "9"]
[EventCountry "GER"]
[SourceTitle "EXT 2004"]
[Source "ChessBase"]
[SourceDate "2003.11.25"]
[SourceVersion "1"]
[SourceVersionDate "2003.11.25"]
[SourceQuality "1"]
[WhiteTeam "Dresden SC"]
[BlackTeam "Leipzig Gohlis"]
[WhiteTeamCountry "GER"]
[BlackTeamCountry "GER"]

1. e4 c5 2. Nf3 Nc6 3. d4 cxd4 4. Nxd4 g6 5. Nc3 Bg7 6. Nb3 Nf6 7. Be2 0-0 8. 0-0 d6 9. Bg5 a6 10. f4 b5 11. Bf3 Bb7 12. Kh1 Nd7 13. Rb1 Rc8 14. Nd5 f6 15. Bh4 e6 16. Ne3 g5 17. Qxd6 gxh4 18. Qxe6+ Kh8 19. Rbd1 Ncb8 20. Qg4 Qe8 21. Nf5 Qg6 22. Qxh4 Rxc2 23. Nbd4 Rxb2 24. Ne6 Rxa2 25. Nfxg7 Rg8 26. f5 Qf7 27. e5 Bxf3 28. Rxf3 Rxg7 29. Nxg7 Qd5 30. Qe1 Qxe5 31. Re3 Qb2 32. Re8+ Kxg7 33. Qg3+ Kh6 34. Rg8 Qxg2+ 35. Qxg2 Rxg2 36. Kxg2 1-0

[Event "BL2-Ost 0102"]
[Site "Germany"]
[Date "2002.02.03"]
[Round "5.4"]
[White "Meister, Peter"]
[Black "Goldberg, Alexander"]
[Result "0-1"]
[WhiteElo "2415"]
[BlackElo "2388"]
[PlyCount "112"]
[EventDate "2001.10.07"]
[EventType "team-tourn"]
[EventRounds "9"]
[EventCountry "GER"]
[SourceTitle "CBM 088 Extra"]
[Source "ChessBase"]
[SourceDate "2002.07.01"]
[SourceVersion "2"]
[SourceVersionDate "2002.07.01"]
[SourceQuality "1"]
[WhiteTeam "Bamberg"]
[BlackTeam "Dresden SC"]
[WhiteTeamCountry "GER"]
[BlackTeamCountry "GER"]

1. d4 Nf6 2. c4 e6 3. Nf3 b6 4. g3 Bb7 5. Bg2 Be7 6. 0-0 0-0 7. Re1 Ne4 8. Nfd2 f5 9. Nxe4 Bxe4 10. Bxe4 fxe4 11. Nc3 Bb4 12. Qb3 Nc6 13. Be3 Bxc3 14. Qxc3 Qf6 15. Rac1 Ne7 16. Qc2 Qf5 17. Rf1 Qg4 18. Rcd1 c6 19. Kg2 Nf5 20. Bc1 d5 21. h3 Qg6 22. b3 Rad8 23. Qc3 c5 24. dxc5 d4 25. Qe1 bxc5 26. Kh2 h5 27. Bf4 Qf6 28. f3 e5 29. fxe4 Nd6 30. Bc1 Qg6 31. Rf3 Nxe4 32. Rdd3 Nf6 33. Rd1 e4 34. Rf4 e3 35. Qh1 Qc2 36. Re1 g5 37. Rf3 Ne4 38. Qg2 Nc3 39. g4 h4 40. Rf5 Rxf5 41. gxf5 Qxf5 42. Rf1 Qe5+ 43. Kh1 Ne4 44. Rf3 Ng3+ 45. Kg1 Rd6 46. Bb2 Rg6 47. b4 g4 48. Rxg3 hxg3 49. hxg4 Qf4 50. Qd5+ Kh7 51. Qh1+ Rh6 52. Qb7+ Kg6 53. Qc6+ Kg5 54. Qxc5+ Kh4 55. Qf5 Qf2+ 56. Qxf2 exf2+ 0-1

[Event "BL2-Ost 0001"]
[Site "Germany"]
[Date "2001.03.11"]
[Round "7.2"]
[White "Goldberg, Alexander"]
[Black "Haba, Petr"]
[Result "0-1"]
[WhiteElo "2386"]
[BlackElo "2497"]
[PlyCount "58"]
[EventDate "2000.10.15"]
[EventType "team-tourn"]
[EventRounds "9"]
[EventCountry "GER"]
[SourceTitle "CBM 082 Extra"]
[Source "ChessBase"]
[SourceDate "2001.07.03"]
[SourceVersion "1"]
[SourceVersionDate "2001.07.03"]
[SourceQuality "1"]
[WhiteTeam "Dresden"]
[BlackTeam "Erfurt"]
[WhiteTeamCountry "GER"]
[BlackTeamCountry "GER"]

1. e4 e6 2. d4 d5 3. Nc3 Bb4 4. e5 c5 5. a3 Bxc3+ 6. bxc3 Qc7 7. Nf3 b6 8. Bb5+ Bd7 9. Bd3 Ba4 10. 0-0 Ne7 11. Be3 Nd7 12. Ng5 h6 13. Qh5 g6 14. Nxe6 fxe6 15. Bxg6+ Kd8 16. Bf7 Nf8 17. Bxh6 Bxc2 18. Qg5 Bg6 19. Bxf8 Rxf8 20. Bxe6 Qc6 21. Bh3 Bf5 22. Bxf5 Rxf5 23. Qh4 Kd7 24. f4 Rg8 25. Ra2 cxd4 26. cxd4 Qc3 27. Qf2 Rg4 28. Rc2 Qd3 29. Rd2 Qe4 0-1

[Event "Bundesliga 9900"]
[Site "Germany"]
[Date "2000.01.29"]
[Round "8.5"]
[White "Goldberg, Alexander"]
[Black "Markgraf, Alexander"]
[Result "1-0"]
[WhiteElo "2398"]
[BlackElo "2276"]
[PlyCount "37"]
[EventDate "1999.10.09"]
[EventType "team-tourn"]
[EventRounds "15"]
[EventCountry "GER"]
[SourceTitle "CBM 074 Extra"]
[Source "ChessBase"]
[SourceDate "2000.03.10"]
[SourceVersion "2"]
[SourceVersionDate "2000.03.10"]
[SourceQuality "1"]
[WhiteTeam "Dresden"]
[BlackTeam "Magdeburg"]
[WhiteTeamCountry "GER"]
[BlackTeamCountry "GER"]

1. e4 g6 2. d4 Bg7 3. Nc3 c6 4. f4 d5 5. e5 h5 6. Nf3 Nh6 7. Be3 Bg4 8. Bf2 e6 9. Be2 Nf5 10. g3 Nd7 11. Qd3 Bf8 12. h3 Bxf3 13. Qxf3 Bb4 14. g4 Ne7 15. 0-0-0 Qa5 16. Be1 c5 17. a3 cxd4 18. axb4 Qa1+ 19. Nb1 1-0

[Event "BL2-Ost 9798"]
[Site "Germany"]
[Date "1998.??.??"]
[Round "6.1"]
[White "Bezold, Michael"]
[Black "Goldberg, Alexander"]
[Result "0-1"]
[WhiteElo "2490"]
[BlackElo "2400"]
[PlyCount "56"]
[EventDate "1997.10.??"]
[EventType "team-tourn"]
[EventRounds "9"]
[EventCountry "GER"]
[SourceTitle "EXT 1999"]
[Source "ChessBase"]
[SourceDate "1998.11.16"]
[SourceVersion "1"]
[SourceVersionDate "1998.11.16"]
[SourceQuality "1"]
[WhiteTeam "Wuerzburg"]
[BlackTeam "Dresden II"]
[WhiteTeamCountry "GER"]
[BlackTeamCountry "GER"]

1. b3 Nf6 2. Bb2 d5 3. e3 c6 4. c4 Bf5 5. Bxf6 exf6 6. Nf3 dxc4 7. Bxc4 Bd6 8. 0-0 0-0 9. Nc3 Be6 10. Bxe6 fxe6 11. d4 Na6 12. Qe2 Qa5 13. Qc4 Nc7 14. a3 Qh5 15. Ne4 Be7 16. b4 Qd5 17. Qc2 a5 18. Nc5 axb4 19. axb4 b6 20. e4 Qd6 21. Nd3 Nb5 22. Qc4 Rxa1 23. Rxa1 Rd8 24. Nde1 Nxd4 25. Nxd4 Qxd4 26. Qxe6+ Kf8 27. Rb1 Bxb4 28. e5 Qe4 0-1

[Event "BL2-Ost 9798"]
[Site "Germany"]
[Date "1998.??.??"]
[Round "4.1"]
[White "Goldberg, Alexander"]
[Black "Espig, Lutz"]
[Result "1-0"]
[WhiteElo "2400"]
[BlackElo "2410"]
[PlyCount "99"]
[EventDate "1997.10.??"]
[EventType "team-tourn"]
[EventRounds "9"]
[EventCountry "GER"]
[SourceTitle "EXT 1999"]
[Source "ChessBase"]
[SourceDate "1998.11.16"]
[SourceVersion "1"]
[SourceVersionDate "1998.11.16"]
[SourceQuality "1"]
[WhiteTeam "Dresden II"]
[BlackTeam "Plauen Koenig"]
[WhiteTeamCountry "GER"]
[BlackTeamCountry "GER"]

1. e4 c5 2. Nf3 e6 3. d4 cxd4 4. Nxd4 Nf6 5. Nc3 d6 6. Be2 Be7 7. 0-0 Nc6 8. Be3 0-0 9. f4 Bd7 10. Kh1 Nxd4 11. Bxd4 Bc6 12. Bd3 Nd7 13. Qe2 e5 14. Be3 exf4 15. Bxf4 Ne5 16. Bxe5 dxe5 17. Bc4 Bg5 18. Rad1 Qe7 19. Rd3 Kh8 20. Nd5 Bxd5 21. Bxd5 Rac8 22. c4 Rc7 23. a3 b6 24. b4 f6 25. Rb3 g6 26. Rbf3 Kg7 27. Qf2 h5 28. h4 Bf4 29. g3 Bh6 30. a4 Rcc8 31. a5 Qxb4 32. Rxf6 Kh7 33. Bf7 Qd2 34. Bxg6+ Kg8 35. Qxd2 Bxd2 36. Rxf8+ Rxf8 37. Rxf8+ Kxf8 38. axb6 axb6 39. Bxh5 Be1 40. Kg2 Ke7 41. Kh3 Kf6 42. g4 Bd2 43. g5+ Kg7 44. Kg4 Kh7 45. Bf7 Kg7 46. Be6 Be3 47. h5 Bf2 48. h6+ Kg6 49. Bf5+ Kf7 50. g6+ 1-0

[Event "BL2-Ost 9798"]
[Site "Germany"]
[Date "1998.??.??"]
[Round "5.1"]
[White "Milov, Leonid"]
[Black "Goldberg, Alexander"]
[Result "1-0"]
[WhiteElo "2490"]
[BlackElo "2400"]
[PlyCount "75"]
[EventDate "1997.10.??"]
[EventType "team-tourn"]
[EventRounds "9"]
[EventCountry "GER"]
[SourceTitle "EXT 1999"]
[Source "ChessBase"]
[SourceDate "1998.11.16"]
[SourceVersion "1"]
[SourceVersionDate "1998.11.16"]
[SourceQuality "1"]
[WhiteTeam "Nuernberg"]
[BlackTeam "Dresden II"]
[WhiteTeamCountry "GER"]
[BlackTeamCountry "GER"]

1. Nf3 Nf6 2. g3 d5 3. Bg2 c6 4. 0-0 Bg4 5. c4 e6 6. b3 Be7 7. Bb2 0-0 8. d3 Nbd7 9. Nbd2 a5 10. a3 h6 11. Qc2 Bf5 12. Bc3 Qc7 13. Qb2 Bh7 14. b4 b6 15. Ne5 c5 16. Nxd7 Qxd7 17. Nf3 axb4 18. axb4 Rxa1 19. Rxa1 dxc4 20. Ne5 Qc7 21. Nc6 Nd5 22. Nxe7+ Qxe7 23. Bxg7 Rc8 24. dxc4 Nxb4 25. Bf6 Qd6 26. Qc1 Qf8 27. Qd2 Bg6 28. Rd1 Kh7 29. Qd7 Bc2 30. Rd2 Bf5 31. h4 Qe8 32. Qd6 Nc6 33. Qf4 Bg6 34. Be4 e5 35. Qg4 Nd4 36. h5 Bxe4 37. Qxe4+ Kg8 38. Qg4+ 1-0

[Event "BL2-Ost 9798"]
[Site "Germany"]
[Date "1997.??.??"]
[Round "3.4"]
[White "Pribyl, Josef"]
[Black "Goldberg, Alexander"]
[Result "1/2-1/2"]
[WhiteElo "2430"]
[BlackElo "2400"]
[PlyCount "103"]
[EventDate "1997.10.??"]
[EventType "team-tourn"]
[EventRounds "9"]
[EventCountry "GER"]
[SourceTitle "EXT 1999"]
[Source "ChessBase"]
[SourceDate "1998.11.16"]
[SourceVersion "1"]
[SourceVersionDate "1998.11.16"]
[SourceQuality "1"]
[WhiteTeam "Bamberg"]
[BlackTeam "Dresden II"]
[WhiteTeamCountry "GER"]
[BlackTeamCountry "GER"]

1. c4 e5 2. Nc3 Nf6 3. Nf3 Nc6 4. g3 d5 5. cxd5 Nxd5 6. Bg2 Nb6 7. 0-0 Be7 8. d3 0-0 9. Be3 Bg4 10. Qc1 f5 11. Rd1 Bf6 12. b4 Nd4 13. Qb2 Nxf3+ 14. exf3 Bh5 15. a4 Nd5 16. Nxd5 Qxd5 17. g4 e4 18. Qa2 Bf7 19. Qxd5 Bxd5 20. dxe4 Bxa1 21. Rxa1 fxe4 22. fxe4 Be6 23. h3 c6 24. f4 Rfd8 25. Bf1 Bb3 26. Be2 Re8 27. e5 g5 28. Kf2 gxf4 29. Bxf4 Rad8 30. Ke3 Rd7 31. Ra3 Bd5 32. Bd3 Bg2 33. h4 Rg7 34. g5 Rf8 35. Ra2 Bd5 36. Rf2 a5 37. bxa5 Ra8 38. a6 bxa6 39. Rb2 Rf8 40. h5 Rgf7 41. Bh2 Rf3+ 42. Kd4 Rf2 43. Rxf2 Rxf2 44. Bg3 Ra2 45. g6 Rxa4+ 46. Kc5 h6 47. Bf5 Bf3 48. e6 Ra5+ 49. Kd6 Rxf5 50. e7 Rf8 51. exf8Q+ Kxf8 52. Bf4 1/2-1/2

[Event "Bundesliga 9596"]
[Site "Germany"]
[Date "1996.??.??"]
[Round "?.7"]
[White "Ellers, Holger"]
[Black "Goldberg, Alexander"]
[Result "1-0"]
[WhiteElo "2310"]
[BlackElo "2405"]
[PlyCount "79"]
[EventDate "1995.10.14"]
[EventType "team-tourn"]
[EventRounds "15"]
[EventCountry "GER"]
[SourceTitle "GER-chT"]
[Source "ChessBase"]
[SourceDate "1999.07.01"]
[SourceVersion "1"]
[SourceVersionDate "1999.07.01"]
[SourceQuality "1"]
[WhiteTeam "Bochum"]
[BlackTeam "Dresden"]
[WhiteTeamCountry "GER"]
[BlackTeamCountry "GER"]

1. d4 Nf6 2. c4 e6 3. Nf3 b6 4. g3 Bb7 5. Bg2 Be7 6. Nc3 Ne4 7. Bd2 Bf6 8. Qc2 Nd6 9. c5 Nf5 10. e3 bxc5 11. dxc5 Nc6 12. 0-0 0-0 13. Rfd1 Rb8 14. Ne4 Be7 15. b4 Ba6 16. a3 Nh6 17. Bc3 f5 18. Ned2 Ng4 19. Nb3 Bf6 20. Nbd4 Nxd4 21. Nxd4 Qe7 22. Qa4 Bxd4 23. Rxd4 Bb5 24. Qxa7 e5 25. Rd2 f4 26. exf4 exf4 27. Qxc7 Rbe8 28. Bd5+ Kh8 29. Rb2 Qg5 30. Qd6 Nxh2 31. Kxh2 Qh5+ 32. Kg1 f3 33. Re1 Be2 34. Rbxe2 fxe2 35. Bg2 Qf5 36. Qd4 Rf7 37. f4 Qg4 38. Kf2 h5 39. Rh1 Kh7 40. Qd3+ 1-0

[Event "Bundesliga 9697"]
[Site "Germany"]
[Date "1996.??.??"]
[Round "?.7"]
[White "Fuhrmann, Daniel"]
[Black "Goldberg, Alexander"]
[Result "0-1"]
[WhiteElo "2265"]
[BlackElo "2390"]
[PlyCount "134"]
[EventDate "1996.10.12"]
[EventType "team-tourn"]
[EventRounds "15"]
[EventCountry "GER"]
[SourceTitle "GER-chT"]
[Source "ChessBase"]
[SourceDate "1999.07.01"]
[SourceVersion "1"]
[SourceVersionDate "1999.07.01"]
[SourceQuality "1"]
[WhiteTeam "Erfurt"]
[BlackTeam "Dresden"]
[WhiteTeamCountry "GER"]
[BlackTeamCountry "GER"]

1. d4 Nf6 2. c4 e6 3. Nf3 b6 4. g3 Bb7 5. Bg2 Be7 6. 0-0 0-0 7. Nc3 Na6 8. Bf4 Ne4 9. Nxe4 Bxe4 10. Qd2 Bf6 11. Rac1 Qe7 12. Rfd1 d6 13. Qe3 Bb7 14. Qa3 Rfe8 15. Nd2 Bxg2 16. Kxg2 e5 17. dxe5 dxe5 18. Be3 Qxa3 19. bxa3 e4 20. Nb1 Be7 21. a4 Bb4 22. a3 Bc5 23. Bxc5 Nxc5 24. Nc3 Rad8 25. Nb5 Nxa4 26. Nxc7 Rxd1 27. Rxd1 Rc8 28. Nd5 Kf8 29. Ne3 Nc5 30. f3 g6 31. Rd4 Re8 32. Kf2 f5 33. Nd5 Rd8 34. g4 Kf7 35. gxf5 gxf5 36. fxe4 fxe4 37. Ke3 Rd6 38. Rd1 Rh6 39. Rf1+ Ke6 40. Rf2 Rh3+ 41. Kf4 Rxa3 42. Rg2 Rh3 43. Nc7+ Kf7 44. Nd5 Rh4+ 45. Ke5 Rh5+ 46. Kd6 Rf5 47. e3 Nb7+ 48. Kc6 Na5+ 49. Kb5 Ke6 50. Rg7 Nxc4 51. Kxc4 Rxd5 52. Rxa7 b5+ 53. Kb4 Rh5 54. Ra2 Rh3 55. Kxb5 Rxe3 56. Kc4 Rh3 57. Ra8 Ke5 58. Re8+ Kf4 59. Kd4 Rd3+ 60. Kc4 Rd7 61. h4 e3 62. Kc3 Kf3 63. Re6 e2 64. Rf6+ Kg2 65. Re6 Kf2 66. Rf6+ Ke1 67. Kc2 Rc7+ 0-1

[Event "Bundesliga 9596"]
[Site "Germany"]
[Date "1996.??.??"]
[Round "?.7"]
[White "Heinemann, Thies"]
[Black "Goldberg, Alexander"]
[Result "1-0"]
[WhiteElo "2410"]
[BlackElo "2405"]
[PlyCount "87"]
[EventDate "1995.10.14"]
[EventType "team-tourn"]
[EventRounds "15"]
[EventCountry "GER"]
[SourceTitle "GER-chT"]
[Source "ChessBase"]
[SourceDate "1999.07.01"]
[SourceVersion "1"]
[SourceVersionDate "1999.07.01"]
[SourceQuality "1"]
[WhiteTeam "Hamburger SK"]
[BlackTeam "Dresden"]
[WhiteTeamCountry "GER"]
[BlackTeamCountry "GER"]

1. e4 e5 2. Bc4 Nf6 3. d3 c6 4. Nf3 Be7 5. 0-0 Qc7 6. Nc3 0-0 7. a4 d6 8. h3 Nbd7 9. Nh2 Nc5 10. f4 exf4 11. Bxf4 Be6 12. Bxe6 Nxe6 13. Bg3 g6 14. Qd2 Nh5 15. Bf2 Bg5 16. Be3 Bxe3+ 17. Qxe3 Qb6 18. Qxb6 axb6 19. Nf3 Nhg7 20. d4 f5 21. d5 Nc7 22. Nd4 c5 23. Ndb5 Nxb5 24. Nxb5 Rad8 25. Rae1 fxe4 26. Rxe4 Rxf1+ 27. Kxf1 Rd7 28. g4 Kf7 29. Kf2 Kf6 30. Kf3 Kg5 31. Kg3 Kf6 32. Na3 Re7 33. Rxe7 Kxe7 34. Nc4 Ne8 35. Nxb6 Nf6 36. Kf4 Ne8 37. Kg5 Kf7 38. Nc4 Kg7 39. Na5 h6+ 40. Kf4 Nf6 41. Nxb7 Nxd5+ 42. Kf3 Nb4 43. c3 Nd3 44. a5 1-0

[Event "Bundesliga 9596"]
[Site "Germany"]
[Date "1995.??.??"]
[Round "?.6"]
[White "Goldberg, Alexander"]
[Black "Meins, Gerlef"]
[Result "1-0"]
[WhiteElo "2400"]
[BlackElo "2440"]
[PlyCount "79"]
[EventDate "1995.10.14"]
[EventType "team-tourn"]
[EventRounds "15"]
[EventCountry "GER"]
[SourceTitle "GER-chT"]
[Source "ChessBase"]
[SourceDate "1999.07.01"]
[SourceVersion "1"]
[SourceVersionDate "1999.07.01"]
[SourceQuality "1"]
[WhiteTeam "Dresden"]
[BlackTeam "Werder Bremen"]
[WhiteTeamCountry "GER"]
[BlackTeamCountry "GER"]

1. e4 c5 2. Nf3 Nc6 3. d4 cxd4 4. Nxd4 Nf6 5. Nc3 d6 6. Bg5 e6 7. Qd2 a6 8. 0-0-0 Bd7 9. f3 Be7 10. h4 Qc7 11. g4 Ne5 12. Kb1 b5 13. Bd3 Nc4 14. Bxc4 Qxc4 15. e5 dxe5 16. Nf5 exf5 17. Bxf6 Bxf6 18. Qxd7+ Kf8 19. Qxf5 Qe6 20. Qe4 Re8 21. Nd5 Bd8 22. Ne3 h5 23. Nf5 Be7 24. Rd5 g6 25. Ne3 Bd8 26. Rhd1 Bxh4 27. Rd6 Qe7 28. Rxa6 Kg7 29. Rb6 hxg4 30. fxg4 Rb8 31. Rbd6 Bg5 32. Rd7 Qf6 33. Rf1 Bf4 34. Nd5 Qe6 35. Re7 Qd6 36. Rxf4 exf4 37. Qd4+ Kg8 38. Re1 Rd8 39. Nf6+ Kf8 40. Re8+ 1-0

[Event "Bundesliga 9495"]
[Site "Germany"]
[Date "1995.??.??"]
[Round "?.6"]
[White "Heinemann, Thies"]
[Black "Goldberg, Alexander"]
[Result "1-0"]
[WhiteElo "2400"]
[BlackElo "2405"]
[PlyCount "69"]
[EventDate "1994.10.08"]
[EventType "team-tourn"]
[EventRounds "15"]
[EventCountry "GER"]
[SourceTitle "GER-chT"]
[Source "ChessBase"]
[SourceDate "1999.07.01"]
[SourceVersion "1"]
[SourceVersionDate "1999.07.01"]
[SourceQuality "1"]
[WhiteTeam "Hamburger SK"]
[BlackTeam "Dresden"]
[WhiteTeamCountry "GER"]
[BlackTeamCountry "GER"]

1. e4 e5 2. Bc4 Nf6 3. d3 Nc6 4. Nc3 Bb4 5. Nge2 d5 6. exd5 Nxd5 7. a3 Nxc3 8. Nxc3 Bxc3+ 9. bxc3 0-0 10. 0-0 Na5 11. Ba2 c5 12. Qh5 c4 13. Qxe5 Re8 14. Qf4 Be6 15. dxc4 Rc8 16. Be3 Nxc4 17. Bd4 b6 18. Qg3 f6 19. Rfe1 Kh8 20. h3 Bf7 21. a4 Qd7 22. Rxe8+ Rxe8 23. Bxc4 Bxc4 24. Qf4 Qe6 25. Qc7 Bd5 26. Qxa7 Qe4 27. f3 Qxc2 28. Qxb6 Bxf3 29. gxf3 Qg6+ 30. Kh2 Re2+ 31. Bf2 h5 32. Rg1 Qf5 33. Rg2 Qxf3 34. Qb8+ Kh7 35. Qc7 1-0

[Event "Bundesliga 9596"]
[Site "Germany"]
[Date "1995.??.??"]
[Round "?.7"]
[White "Kern, Guido"]
[Black "Goldberg, Alexander"]
[Result "1-0"]
[WhiteElo "2365"]
[BlackElo "2400"]
[PlyCount "35"]
[EventDate "1995.10.14"]
[EventType "team-tourn"]
[EventRounds "15"]
[EventCountry "GER"]
[SourceTitle "GER-chT"]
[Source "ChessBase"]
[SourceDate "1999.07.01"]
[SourceVersion "1"]
[SourceVersionDate "1999.07.01"]
[SourceQuality "1"]
[WhiteTeam "Wuppertal"]
[BlackTeam "Dresden"]
[WhiteTeamCountry "GER"]
[BlackTeamCountry "GER"]

1. Nf3 Nf6 2. g3 d5 3. Bg2 c6 4. 0-0 Bf5 5. d3 h6 6. c4 e6 7. Be3 Be7 8. Qb3 Qc7 9. Nc3 Nbd7 10. cxd5 Nxd5 11. Nxd5 exd5 12. Rac1 Nb6 13. Nd4 Be6 14. f4 Qd6 15. Bf2 Bf6 16. a4 0-0 17. a5 Nd7 18. f5 1-0

[Event "Bundesliga 9394"]
[Site "Germany"]
[Date "1994.04.16"]
[Round "12.5"]
[White "Brendel, Oliver"]
[Black "Goldberg, Alexander"]
[Result "1/2-1/2"]
[WhiteElo "2360"]
[BlackElo "2405"]
[PlyCount "101"]
[EventDate "1993.11.06"]
[EventType "team-tourn"]
[EventRounds "15"]
[EventCountry "GER"]
[SourceTitle "GER-chT"]
[Source "ChessBase"]
[SourceDate "1999.07.01"]
[SourceVersion "1"]
[SourceVersionDate "1999.07.01"]
[SourceQuality "1"]
[WhiteTeam "Zaehringen"]
[BlackTeam "Dresden"]
[WhiteTeamCountry "GER"]
[BlackTeamCountry "GER"]

1. e4 e5 2. Nf3 Nc6 3. Bb5 a6 4. Ba4 Nf6 5. d4 Nxd4 6. Nxe5 Ne6 7. Nc3 Bb4 8. Qf3 Nc5 9. Bb3 Nxb3 10. axb3 Qe7 11. Nd3 Bxc3+ 12. bxc3 Qxe4+ 13. Qxe4+ Nxe4 14. 0-0 0-0 15. Re1 d5 16. f3 Nxc3 17. Ba3 Bf5 18. Bxf8 Kxf8 19. Re5 Bxd3 20. cxd3 Re8 21. Rxe8+ Kxe8 22. Re1+ Kd7 23. d4 Nb5 24. Rd1 b6 25. Kf2 Kd6 26. Ke3 c5 27. dxc5+ bxc5 28. Ra1 Nc7 29. Kd3 Kc6 30. Re1 Ne6 31. g3 Nd4 32. Re7 Nxf3 33. h4 g6 34. Kc3 h5 35. Rxf7 d4+ 36. Kb2 Ne5 37. Rf6+ Kd5 38. Rxa6 c4 39. bxc4+ Nxc4+ 40. Kc1 Ne5 41. Kd2 Ke4 42. Re6 Kf5 43. Re8 Ke4 44. Rf8 Nc4+ 45. Ke2 d3+ 46. Kf2 Kd4 47. Rd8+ Ke4 48. Rf8 Kd4 49. Rd8+ Kc3 50. Rc8 Kd4 51. Rd8+ 1/2-1/2